Chautha Khambha Private Limited (Record no. 12868)
[ view plain ]
| 000 -LEADER | |
|---|---|
| fixed length control field | 00355nam a22001577a 4500 |
| 003 - CONTROL NUMBER IDENTIFIER | |
| control field | SGT |
| 020 ## - INTERNATIONAL STANDARD BOOK NUMBER | |
| International Standard Book Number | 9788126728206 |
| 082 ## - DEWEY DECIMAL CLASSIFICATION NUMBER | |
| Classification number | 930 |
| Item number | C16M |
| 100 ## - MAIN ENTRY--PERSONAL NAME | |
| Personal name | Dilip Mandal |
| 245 ## - TITLE STATEMENT | |
| Title | Chautha Khambha Private Limited |
| 250 ## - EDITION STATEMENT | |
| Edition statement | 1ST |
| 260 ## - PUBLICATION, DISTRIBUTION, ETC. (IMPRINT) | |
| Place of publication, distribution, etc | NEW DELHI |
| Name of publisher, distributor, etc | RAJKAMAL PRAKASHAN |
| Year of Publication | 2016 |
| 300 ## - PAGE DESCRIPTION | |
| No. of Pages | 151 |
| 650 ## - SUBJECT ADDED ENTRY--TOPICAL TERM | |
| Topical term or geographic name as entry element | MASS COMMUNICATION |
| 942 ## - ADDED ENTRY ELEMENTS (KOHA) | |
| Source of classification or shelving scheme | Dewey Decimal Classification |
| Koha item type | Books |
| Withdrawn status | Lost status | Source of classification or shelving scheme | Damaged status | Not for loan | Collection code | Home library | Current library | Shelving location | Date acquired | Vendor Name | Cost, normal purchase price | SGTU | Bill Number | Total Checkouts | Full call number | Accession No. (Barcode) | Date last seen | Bill Date | Koha item type | Date last borrowed |
|---|---|---|---|---|---|---|---|---|---|---|---|---|---|---|---|---|---|---|---|---|
| Dewey Decimal Classification | MASS COMMUNICATION | SGT Science & Social Sciences Library | SGT Science & Social Sciences Library | Text Book | 08/08/2017 | AHUJA BOOKS PUBLISHER | 450.00 | SGTU | GV213 | 930 C16M | MC156 | 08/08/2017 | 19/11/2016 | Books | ||||||
| Dewey Decimal Classification | MASS COMMUNICATION | SGT Science & Social Sciences Library | SGT Science & Social Sciences Library | Text Book | 08/08/2017 | AHUJA BOOKS PUBLISHER | 450.00 | SGTU | GV213 | 1 | 930 C16M | MC157 | 30/11/2017 | 19/11/2016 | Books | 22/11/2017 | ||||
| Dewey Decimal Classification | MASS COMMUNICATION | SGT Science & Social Sciences Library | SGT Science & Social Sciences Library | Text Book | 08/08/2017 | AHUJA BOOKS PUBLISHER | 450.00 | SGTU | GV213 | 930 C16M | MC158 | 08/08/2017 | 19/11/2016 | Books | ||||||
| Dewey Decimal Classification | MASS COMMUNICATION | SGT Science & Social Sciences Library | SGT Science & Social Sciences Library | Text Book | 08/08/2017 | AHUJA BOOKS PUBLISHER | 450.00 | SGTU | GV213 | 2 | 930 C16M | MC159 | 17/04/2018 | 19/11/2016 | Books | 05/03/2018 | ||||
| Dewey Decimal Classification | MASS COMMUNICATION | SGT Science & Social Sciences Library | SGT Science & Social Sciences Library | Text Book | 08/08/2017 | AHUJA BOOKS PUBLISHER | 450.00 | SGTU | GV213 | 930 C16M | MC160 | 08/08/2017 | 19/11/2016 | Books |